Statistics for Guess The Actor By Role

Click here to take the quiz!

General Stats

  • This quiz has been taken 55 times
  • The average score is 12 of 20

Answer Stats

Answer% Correct
Keanu Reeves
98%
Brad Pitt
91%
Harrison Ford
81%
Jack Nicholson
77%
Christian Bale
75%
Daniel Craig
75%
Ryan Gosling
74%
Jake Gyllenhaal
66%
Cillian Murphy
64%
Edward Norton
64%
Bryan Cranston
60%
Tom Hardy
60%
Al Pacino
58%
Henry Cavill
57%
Willem Dafoe
55%
Bob Odenkirk
36%
Giancarlo Esposito
32%
Anthony Perkins
28%
Jensen Ackles
17%
Antony Starr
15%

Score Distribution

Percentile by Number Answered

Percent of People with Each Score

Your Score History

You have not taken this quiz